000 00481nam a2200205Ia 4500
005 20250425162445.0
008 250425s9999 xx 000 0 und d
020 _a0849363748
041 _aeng
082 _a639.31
245 0 _aCULTURE OF NONSALMONID FRESHWATER FISHES
250 _aS.E.
260 _aBOCA RATON
260 _aEstados Unidos
_bCRC PRESS
_c2000
300 _a201
650 _aCULTIVOS
650 _aPECES-HISTOLOGIA
942 _c01
010 _a75422
999 _c229606
_d229606